Visualizzazione normale
Vista MARC
- Kernan Michael
di Personal Name
Records bibliografici associati: 1
001 - CONTROL NUMBER
- control field: 26843
003 - CONTROL NUMBER IDENTIFIER
- control field: IT-RoPau
005 - DATE AND TIME OF LATEST TRANSACTION
- control field: 20140525163347.0
008 - FIXED-LENGTH DATA ELEMENTS
- fixed length control field: 140525|| aca||aabn | a|a d
040 ## - CATALOGING SOURCE
- Original cataloging agency: IT-RoPau
- Transcribing agency: IT-RoPau
100 ## - HEADING--PERSONAL NAME
- Personal name: Kernan Michael
- Relator term: Autore musica
- Miscellaneous information: Codice autore musica SPICS: 31184
- Name of part/section of a work: I'm Going Bananas
670 ## - SOURCE DATA FOUND
- Source citation: Work cat.: (IT-RoPau)101736: Madonna (Ciccone) 19899, I'm Breathless